000
00457nam a2200145Ia 4500
008
090122s9999 xx 000 0 und d
082
_b
5365
_a
891.463
100
_a
खांडेकर
_b
वि
_c
स
245
_a
निवडक कोल्हटकर
600
_a
खांडेकर
630
_a
निवडक कोल्हटकर
700
_a
खांडेकर
730
_a
निवडक कोल्हटकर
942
_c
BOOK
999
_c
29443
_d
29443